| 000 | 00703nam a2200253Ia 4500 | ||
|---|---|---|---|
| 003 | OSt | ||
| 005 | 20220918205608.0 | ||
| 006 | a|||||r|||| 00| 0 | ||
| 007 | ta | ||
| 008 | 220917b |||||||| |||| 00| 0 eng d | ||
| 024 | _a117,198 | ||
| 037 | _cTextual | ||
| 040 |
_aARTS _cARTS _beng |
||
| 041 |
_2eng _aeng |
||
| 082 | _aV7,1.J, M0 | ||
| 100 |
_aMilton Joyce _915472 |
||
| 245 | 0 |
_aFeathered serpent and the cross _b the pre-coloumbian God-Kings, the papal states |
|
| 260 |
_aLondon _bCassell _c1980 |
||
| 300 |
_avi,168p. _ccm. |
||
| 490 | _aRise and fall of empire; 6 | ||
| 650 | _aHISTORY | ||
| 942 |
_hV7,1.J, M0 _cTEXL _2CC |
||
| 999 |
_c240486 _d240486 |
||